| 000 | 00000nam 2200000za 4500 |
| 001 | 9.801024 |
| 003 | CaOODSP |
| 005 | 20221107134724 |
| 007 | cr ||||||||||| |
| 008 | 160620s2015||||xxc |||| f000 0 eng d |
| 020 | |a978-0-660-02412-7 |
| 040 | |aCaOODSP|beng |
| 041 | |aeng|bfre |
| 043 | |an-cn--- |
| 086 | 1 |aSC103-38/7-2015E-PDF |
| 245 | 00|aC256 - Preparation for the English as a second language evaluation. |pReading comprehension 3 & 4 |h[electronic resource]. |b |
| 246 | 30|aPreparation for the English as a second language evaluation |
| 246 | 30|aReading comprehension 3 & 4 |
| 260 | |a[Ottawa] : |bCanada School of Public Service, Language Training, |cc2015. |
| 300 | |avi, 82 p. |
| 500 | |a"September 2015." |
| 505 | 2 |aNote/Avertissement -- Directives -- Reading comprehension 3 -- Feuille réponse --Corrigé -- Reading comprehension 4 -- Feuille réponse -- Corrigé. |
| 546 | |aIncludes some text in French. |
| 692 | 07|2gccst|aEnglish second language |
| 692 | 07|2gccst|aSecond language assessment |
| 710 | 2 |aCanada School of Public Service. |
| 856 | 40|qPDF|s491 KB|uhttps://publications.gc.ca/collections/collection_2016/efpc-csps/SC103-38-7-2015-eng.pdf |